MARC details
| 000 -CABECERA |
| campo de control de longitud fija |
02081nam a2200325 i 4500 |
| 003 - IDENTIFICADOR DEL NÚMERO DE CONTROL |
| campo de control |
DO-SdBNP |
| 005 - FECHA Y HORA DE LA ÚLTIMA TRANSACCIÓN |
| campo de control |
20250530095817.0 |
| 007 - CAMPO FIJO DE DESCRIPCIÓN FÍSICA--INFORMACIÓN GENERAL |
| campo de control de longitud fija |
ta |
| 008 - DATOS DE LONGITUD FIJA--INFORMACIÓN GENERAL |
| campo de control de longitud fija |
250425b2024 dr ||||| |||| 00| 0 spa d |
| 020 ## - NÚMERO INTERNACIONAL ESTÁNDAR DEL LIBRO |
| Número Internacional Estándar del Libro |
9789945510874 |
| 040 ## - FUENTE DE LA CATALOGACIÓN |
| Centro catalogador/agencia de origen |
DO-SdBNP |
| Lengua de catalogación |
spa |
| Centro/agencia transcriptor |
BNPHU |
| Normas de descripción |
rda |
| 041 ## - CÓDIGO DE LENGUA |
| Código de lengua del texto/banda sonora o título independiente |
spa |
| 082 #4 - NÚMERO DE LA CLASIFICACIÓN DECIMAL DEWEY |
| Número de clasificación |
0 |
| Número de documento/Ítem |
C355d |
| Número de edición |
22 |
| 245 00 - MENCIÓN DE TÍTULO |
| Título |
Desde el diamante : |
| Resto del título |
historia de beisbol / |
| Mención de responsabilidad, etc. |
selección, presentación y prólogo, Tomás Castro Burdiez ; corrección, María del Carmen Vicente, Apolinar Liz Rodríguez y Modesto Cuesta ; diagramación y cubierta Joselito Rosario. |
| 250 ## - MENCIÓN DE EDICIÓN |
| Mención de edición |
Primera edición |
| 264 #4 - PRODUCCIÓN, PUBLICACIÓN, DISTRIBUCIÓN, FABRICACIÓN Y COPYRIGHT |
| Producción, publicación, distribución, fabricación y copyright |
Santo Domingo, República Dominicana : |
| Nombre del de productor, editor, distribuidor, fabricante |
Editora Nacional, |
| Fecha de producción, publicación, distribución, fabricación o copyright |
©2024. |
| 300 ## - DESCRIPCIÓN FÍSICA |
| Extensión |
160 páginas ; |
| Dimensiones |
23 cm. |
| 336 ## - TIPO DE CONTENIDO |
| Término de tipo de contenido |
texto |
| Código de tipo de contenido |
txt |
| Fuente |
rdacontent |
| 337 ## - TIPO DE MEDIO |
| Nombre/término del tipo de medio |
sin mediación |
| Código del tipo de medio |
n |
| Fuente |
rdamedia |
| 338 ## - TIPO DE SOPORTE |
| Nombre/término del tipo de soporte |
volumen |
| Código del tipo de soporte |
nc |
| Fuente |
rdacarrier |
| 500 ## - NOTA GENERAL |
| Nota general |
Incluye datos biográficos del autor en la solapa de la cubierta.<br/> |
| 505 ## - NOTA DE CONTENIDO CON FORMATO |
| Nota de contenido con formato |
Presentación -- |
| Título |
Ocúpate de que nos salga bien el tiro / |
| Mención de responsabilidad |
Alexis Gómez Rosa -- |
| Título |
Tigre y cachorro / |
| Mención de responsabilidad |
Aquiles Julián -- |
| Título |
Turno al bate / |
| Mención de responsabilidad |
Daniela Cruz Gil -- |
| Título |
Los bravos del Norte / |
| Mención de responsabilidad |
Danilo Rodríguez -- |
| Título |
Una simple pelota del beisbol / |
| Mención de responsabilidad |
Efraím Castillo -- |
| Título |
La maravillosa historia de Tres Tutumas / |
| Mención de responsabilidad |
Frank Disla-Ortiz -- |
| Título |
El extraño juegos de los hombres azules / |
| Mención de responsabilidad |
José Bobadilla -- |
| Título |
Historia de una derrota / |
| Mención de responsabilidad |
Nan Chevalier -- |
| Título |
Te la comiste, Vejiga / |
| Mención de responsabilidad |
Rafael Peralta Romero -- |
| Título |
Jugada final / |
| Mención de responsabilidad |
Ramón Gil -- |
| Título |
Jugando pelota con Chepe / |
| Mención de responsabilidad |
Ramón Tejeda Read -- |
| Título |
El portentoso juego de Rafelo Vázquez / |
| Mención de responsabilidad |
Reynaldo Disla -- |
| Título |
Conceptos de sacrificios / |
| Mención de responsabilidad |
Sandra Tavárez -- |
| Título |
El día que los hermanos Martínez se enfrentaron / |
| Mención de responsabilidad |
Tomás Castro Burdiez -- |
| Título |
Datos biográficos de los autores -- |
| 590 ## - NOTA LOCAL (RLIN) |
| Nota local |
Inventariado, 2025 /LP |
| 700 1# - PUNTO DE ACCESO ADICIONAL--NOMBRE DE PERSONA |
| Nombre de persona |
Castro Burdiez, Tomás, |
| Fechas asociadas al nombre |
1959- |
| Término indicativo de función/relación |
selección |
| Código de función/relación |
sel. |
| 9 (RLIN) |
85152 |
| 700 1# - PUNTO DE ACCESO ADICIONAL--NOMBRE DE PERSONA |
| Nombre de persona |
Vicente, María del Carmen |
| Término indicativo de función/relación |
corrector |
| Código de función/relación |
corr. |
| 9 (RLIN) |
57201 |
| 700 1# - PUNTO DE ACCESO ADICIONAL--NOMBRE DE PERSONA |
| Nombre de persona |
Liz Rodríguez, Apolinar, |
| Término indicativo de función/relación |
corrector |
| Código de función/relación |
corr. |
| 9 (RLIN) |
84877 |
| 700 1# - PUNTO DE ACCESO ADICIONAL--NOMBRE DE PERSONA |
| Nombre de persona |
Cuesta, Modesto, |
| Término indicativo de función/relación |
corrector |
| Código de función/relación |
corr. |
| 9 (RLIN) |
3209 |
| 910 ## - DATOS DE OPCIÓN DEL USUARIO (OCLC) |
| Datos de opción del usuario |
LP |
| 942 ## - ELEMENTOS DE PUNTO DE ACCESO ADICIONAL (KOHA) |
| Fuente del sistema de clasificación o colocación |
Dewey Decimal Classification |
| Tipo de ítem Koha |
Libro |